000
00327nam a2200133Ia 4500
008
151001s9999||||xx |||||||||||||| ||und||
100
_a
वॅलेस आयर्वीग
245
_a
द मीरँकल
250
_a
1
260
_b
चीरानी
260
_c
2001
300
_a
9
365
_b
21
999
_c
978339
_d
978336